[Event "Oberpfalz-ch M3"]
[Site "Bad Koetzting"]
[Date "2018.03.27"]
[Round "7"]
[White "Kammer, Fabian"]
[Black "Muehlberger, Ottmar"]
[Result "0-1"]
[WhiteElo "1363"]
[BlackElo "1231"]
[PlyCount "60"]
[EventDate "2018.03.24"]
[EventType "swiss"]
[EventRounds "8"]
[EventCountry "GER"]
[SourceTitle "EXT 2020"]
[Source "ChessBase"]
[SourceDate "2019.10.17"]
[SourceVersion "1"]
[SourceVersionDate "2019.10.17"]
[SourceQuality "1"]

1. e4 e6 2. d4 d6 3. Bd3 h6 4. c3 Nf6 5. Bf4 Be7 6. Nf3 0-0 7. 0-0 Nbd7 8. Qc2 c5 9. e5 dxe5 10. Nxe5 cxd4 11. cxd4 Nb6 12. Nc3 a6 13. Rad1 Nbd5 14. Bd2 Nb4 15. Qb1 Nxd3 16. Qxd3 Bd7 17. Rfe1 Qc7 18. Rc1 Qd8 19. Re3 Nh7 20. Nxd7 Qxd7 21. Rg3 Bg5 22. Ne4 Bxd2 23. Qxd2 Kh8 24. Nc5 Qd5 25. Re1 b6 26. Nb3 Ng5 27. Qf4 a5 28. Qh4 Qf5 29. h3 Qf6 30. Re5 Nf3+ 0-1

[Event "Nittenau-ch op 15th"]
[Site "Nittenau"]
[Date "2015.09.19"]
[Round "3"]
[White "Blanter, Sofya"]
[Black "Kammer, Fabian"]
[Result "1-0"]
[WhiteElo "1737"]
[BlackElo "804"]
[PlyCount "25"]
[EventDate "2015.09.18"]
[EventType "swiss"]
[EventRounds "5"]
[EventCountry "GER"]
[SourceTitle "EXT 2017"]
[Source "ChessBase"]
[SourceDate "2016.10.25"]
[SourceVersion "1"]
[SourceVersionDate "2016.10.25"]
[SourceQuality "1"]

1. d4 d5 2. c4 c6 3. Nf3 Nf6 4. Nc3 h6 5. Bf4 Bf5 6. e3 e6 7. Qb3 Qd7 8. cxd5 exd5 9. Rc1 b5 10. Nxb5 a6 11. Nc7+ Kd8 12. Nxa8 Bd6 13. Ne5 1-0

[Event "Nittenau-ch 14th"]
[Site "Nittenau"]
[Date "2014.09.06"]
[Round "3"]
[White "Pavlov, Liliane"]
[Black "Kammer, Fabian"]
[Result "1-0"]
[WhiteElo "1027"]
[BlackElo "737"]
[PlyCount "67"]
[EventDate "2014.09.05"]
[EventType "swiss"]
[EventRounds "5"]
[EventCountry "GER"]
[SourceTitle "CBM 162 Extra"]
[Source "ChessBase"]
[SourceDate "2014.10.17"]
[SourceVersion "1"]
[SourceVersionDate "2014.10.17"]
[SourceQuality "1"]

1. e4 e5 2. Nf3 Nf6 3. Nc3 Bc5 4. Bc4 0-0 5. d3 h6 6. Be3 Nc6 7. Bxc5 d6 8. Be3 Re8 9. 0-0 Qd7 10. h3 Rd8 11. Nd5 Nxd5 12. Bxd5 Ne7 13. Bb3 b6 14. Qd2 Bb7 15. Qb4 Nc6 16. Qd2 Ne7 17. c3 Nc6 18. d4 Qe7 19. Rad1 Na5 20. Bd5 c6 21. Bb3 c5 22. Bd5 cxd4 23. cxd4 exd4 24. Bxd4 Nc6 25. Bc3 Rab8 26. Bxc6 Bxc6 27. Qd4 f6 28. Qc4+ Kf8 29. Qxc6 Rbc8 30. Qd5 Rc5 31. Qd4 d5 32. Bb4 Rdc8 33. exd5 Rxd5 34. Bxe7+ 1-0